00437nam a22001337a 4500003000500000038001800005082000800023100002700031245007900058264003500137650002500172700004800197856005800245NUST aNusrat Nadeem a200 aIrshad, Muhammad Saqib aFew-shot Learning for Medical Image Segmentation/cMuhammad Saqib Irshad,  aIslamabad:bSEECS NUST.c2025. aMS-Computer Science  aSupervisor: Dr. Muhammad Daud Abdullah Asif u http://10.250.8.41:8080/xmlui/handle/123456789/55832